00412nam a2200121Ia 4500082001200000100001200012245010300024260002700127300001000154650005200164650004900216710002500265 aRJ.0031 aJha, N. 0aStudy in pattern of employment of Bhagalpur University graduates for the years 1964, 1968 and 1972 c1978bICSSR, New Delhi a160p. aEMPLOYMENT AND UNEMPLOYMENT - BIHAR - BHAGALPUR aBHAGALPUR UNIVERSITY - STUDENTS - EMPLOYMENT aBhagalpur University